LEADER 00974aam a2200265 a 4500 001 991000634299707536 008 100312s 000 0 ita d 020 $a9788804568155 035 $ab13887567-39ule_inst 040 $aDip.to Filologia Ling. e Lett.$bita 100 1 $aGrasso, Aldo$040244 245 10$aBuona maestra :$bperché i telefilm sono diventati più importanti del cinema e dei libri /$cAldo Grasso 260 $aMilano :$bMondadori,$c2007 300 $a308 p. ;$c21 cm. 440 0$aStrade blu.$pNonfiction 504 $aSchede dei telefilm: p. [283]-303 650 04$aTrasmissioni televisive 650 04$aTelefilm 650 04$aCinema 907 $a.b13887567$b02-04-14$c12-03-10 912 $a991000634299707536 945 $aLE008 FL.M. (f.r.) XXXII 7$g1$i2008000423407$lle008$o-$pE0.00$q-$rl$s- $t0$u12$v2$w12$x0$y.i15088546$z12-03-10 996 $aBuona maestra$9226019 997 $aUNISALENTO 998 $ale008$b12-03-10$cm$da $e-$fita$git $h0$i0 LEADER 02361nam0 22004573i 450 001 LO10315609 005 20251003044208.0 020 $aIT$b71-6012 100 $a19931011d1971 ||||0itac50 ba 101 | $aita$cita 102 $ait 181 1$6z01$ai $bxxxe 182 1$6z01$an 183 1$6z01$anc$2RDAcarrier 200 1 $aSindacato e rappresentanze aziendali$emodelli ed esperienze di un sindacato industriale, FIM-CISL, 1954-1970$fTiziano Treu 210 $aBologna$cIl Mulino$dc1971 215 $a297 p.$d22 cm. 225 | $aStudi e ricerche 410 0$1001CFI0001423$12001 $aStudi e ricerche 500 10$aSindacato e rappresentanze aziendali$3TSA1795117$9CFIV003901$9688186 606 $aRappresentanza sindacale$2FIR$3CFIC078384$9I 606 $aSindacati$xItalia$2FIR$3CFIC061796$9E 676 $a331.88$9SINDACATI$v21 676 $a331.880945$9SINDACATI. Italia$v20 676 $a331.880945$9SINDACATI. Italia$v23 676 $a331.881710945$9SINDACATI. INDUSTRIA METALLURGICA. ITALIA$v20 696 $aRappresentanza sindacale alla contrattazione collettiva 696 $aAssociazioni sindacali$aOrganizzazioni sindacali$aOrganizzazione sindacale 699 $aRappresentanza sindacale$yRappresentanza sindacale alla contrattazione collettiva 699 $aSindacati$yAssociazioni sindacali 699 $aSindacati$yOrganizzazioni sindacali 699 $aSindacati$zOrganizzazione sindacale 700 1$aTreu$b, Tiziano$3CFIV003901$4070$089104 801 3$aIT$bIT-000000$c19931011 850 $aIT-BN0095 $aIT-NA0079 $aIT-BN0015 901 $bNAP 01$cPOZZO LIB.$nVi sono collocati fondi di economia, periodici di ingegneria e scienze, periodici di economia e statistica e altri fondi comprendenti documenti di economia pervenuti in dono. 912 $aLO10315609 950 0$aBiblioteca Centralizzata di Ateneo$c1 v. in 2 copie$d 01POZZO LIB.F. SANTI 142$e 0101 0060028045E VMA 1 v. (Precedente collocazione S 57)$fB $h20221104$i20221104$c1 v. in 2 copie$d 01POZZO LIB.F. SANTI 142$e 0101 0060034435E VMA 1 v. (2. copia. Precedente collocazione S 676)$fB $h20221118$i20221118 977 $a 01$a BN$a PB 996 $aSindacato e rappresentanze aziendali$9688186 997 $aUNISANNIO